000
00339 a2200157 4500
001
57014
020
_a
8570563612
040
_c
Anchieta - Pituba
100
_a
Noronha, Tereza
240
1
0
_a
O prÃncipe fantasma
_l
por
245
1
0
_a
O prÃncipe fantasma
300
_a
95
362
0
_a
1998
650
4
_a
Literatura juvenil
942
_c
BK
999
_c
57014
_d
57014